Kayıp halk : (Record no. 15362)

MARC details
000 -BAŞLIK
Sabit Uzunlukta Kontrol Alanı 00847nam a22002537a 4500
999 ## - SİSTEM KONTROL NUMARALARI (KOHA)
Koha Biblionumber 15362
Koha Biblioitemnumber 15362
003 - KONTROL NUMARASI IDENTIFIER
Denetim Alanı MIRAKIL
005 - SON İŞLEM TARİHİ VE ZAMANI
Denetim Alanı 20240213171123.0
008 - SABİT-BOY VERİ ELEMANLARI - GENEL BİLGİLER
Sabit Uzunlukta Kontrol Alanı 240213b tu ||||| |||| 00| 0 tur d
020 ## - ULUSLARARASI STANDART KİTAP NUMARASI
Uluslararası Standart Kitap Numarası 9789750534805
040 ## - KATALOGLAMA KAYNAK
Orijinal Kataloglama Ajansı TR-AnCHP
Metne Dönüştürmek Ajansı TR-AnCHP
041 ## - DİL KODU
Metin / Ses Parça Veya Ayrı Başlığın Dil Kodu Türkçe
082 ## - DEWEY ONLU SINIFLANDIRMA NUMARASI
Sınıflandırma Numarası 362.5056
Ürün Numarası E62k 2023
090 ## - SINIFLAMA NUMARASI
Sınıflama Numarası 362.5056 E62k 2023
100 ## - ANA GİRİŞ - KİŞİSEL İSİM
Kişisel Ad Erdoğan, Necmi
245 10 - BAŞLIK TABLOSU
Başlık Kayıp halk :
Başlığın Kalan günümüzde yoksulluk halleri /
Sorumluluk Tablosu, Vb Necmi Erdoğan ; editör: Tanıl Bora.
260 ## - YAYIN, DAĞITIM, VB
Yayın, Dağıtım, Vb Yeri İstanbul :
Yayıncı, Dağıtıcı, Vs Adı İletişim Yayınları,
Yayın, Dağıtım, Vb Tarihi 2023.
300 ## - FİZİKSEL TANIM
Kapsam 423 s. :
Diğer Fiziksel Ayrıntıları res. ;
Boyutlar 2023.
490 0# - SERİSİ TABLOSU
Seri Beyanı İletişim yayınları :
Hacim / Ardışık Tanımı 3277.
490 0# - SERİSİ TABLOSU
Seri Beyanı Araştırma-inceleme dizisi :
Hacim / Ardışık Tanımı 550.
650 #0 - KONU KATMA GİRİŞ - TOPİKAL DÖNEM
9 (RLIN) 983
Topikal Süreli Veya Coğrafi Ad Giriş Elemanı Yoksulluk
650 #0 - KONU KATMA GİRİŞ - TOPİKAL DÖNEM
9 (RLIN) 396
Topikal Süreli Veya Coğrafi Ad Giriş Elemanı Ekonomi
Genel Alt Bölümü Türkiye
856 ## - ELEKTRONİK YER VE ERİŞİM
Kamu Notu Dijital Nüshası için Partimizin Kütüphane Sorumlusu ile iletişime geçiniz.
942 ## - EKLENDİ GİRİŞ ELEMANLARI (KOHA)
Sınıflandırma Veya Raf Düzeni Kaynak Dewey Decimal Classification
Koha Öğesi Türü Books
Holdings
Kalıcı Konum Mevcut Konum Edinme Tarihi Toplam Check-Out'Lar Tam Çağrı Numarası Barkod Tarih Son Görülme İtibaren Geçerli Fiyatlar Koha Öğesi Türü
CHP Kütüphanesi CHP Kütüphanesi 02/13/2024   362.5056 E62k 2023 20950 02/13/2024 02/13/2024 Books